Artificial intelligence : A modern approach

The long-anticipated revision of this best-selling book offers the most comprehensive, up-to-date introduction to the theory and practice of artificial intelligence. Intelligent Agents. Solving Problems by Searching. Informed Search Methods. Game Playing. Agents that Reason Logically. First-order Lo...

全面介绍

Đã lưu trong:
书目详细资料
主要作者: Russell, Stuart
格式: 图书
语言:Undetermined
出版: New Jersey Prentice Hall 2003
主题:
标签: 添加标签
没有标签, 成为第一个标记此记录!
Thư viện lưu trữ: Trung tâm Học liệu Trường Đại học Cần Thơ
LEADER 01431nam a2200241Ia 4500
001 CTU_100878
008 210402s9999 xx 000 0 und d
020 |c 1115000 
082 |a 006.3 
082 |b R967 
100 |a Russell, Stuart 
245 0 |a Artificial intelligence : 
245 2 |b A modern approach 
245 0 |c Stuart Russell, Peter Norvig 
260 |a New Jersey 
260 |b Prentice Hall 
260 |c 2003 
520 |a The long-anticipated revision of this best-selling book offers the most comprehensive, up-to-date introduction to the theory and practice of artificial intelligence. Intelligent Agents. Solving Problems by Searching. Informed Search Methods. Game Playing. Agents that Reason Logically. First-order Logic. Building a Knowledge Base. Inference in First-Order Logic. Logical Reasoning Systems. Practical Planning. Planning and Acting. Uncertainty. Probabilistic Reasoning Systems. Making Simple Decisions. Making Complex Decisions. Learning from Observations. Learning with Neural Networks. Reinforcement Learning. Knowledge in Learning. Agents that Communicate. Practical Communication in English. Perception. Robotics. For those interested in artificial intelligence. 
526 |a Trí tuệ nhân tạo nâng cao 
526 |b CT608 
650 |a Artificial intelligence,Information technology 
904 |i Vương 
980 |a Trung tâm Học liệu Trường Đại học Cần Thơ